| 000 | 00391nam a22001697a 4500 | ||
|---|---|---|---|
| 003 | NUST | ||
| 020 | _a9789351117476 | ||
| 038 | _akhadija | ||
| 082 |
_a530.12 _bSIN |
||
| 100 |
_aSingh, Amrendra Kumar. _982583 |
||
| 245 | _aQuantum Mechanics | ||
| 260 |
_aNew Delhi : _bRandom, _c2015. |
||
| 300 |
_a328 p. ; _b22 cm. |
||
| 500 | _aHardcover. | ||
| 563 | _ahardcover | ||
| 942 |
_cBK _2ddc |
||
| 999 |
_c33935 _d33935 |
||